[Event "Moscow ol (Women)"]
[Site "Moscow"]
[Date "1994.??.??"]
[Round "2"]
[White "Foisor, Cristina Adela B"]
[Black "Chelushkina, Irina"]
[Result "1/2-1/2"]
[WhiteElo "2405"]
[BlackElo "2370"]

1.c4 e5 2.g3 d6 3.Bg2 g6 4.Nc3 Bg7 5.d3 Ne7 6.Nf3 c5 7.a3 Nbc6 8.Rb1 a5 9.O-O O-O
10.Ne1 Be6 11.Nc2 d5 12.cxd5 Nxd5 13.Ne4 b6 14.Ng5 Bc8 15.Ne3 Nde7 16.b4 axb4
17.axb4 cxb4 18.Bd2 Rb8 19.Bxb4 Nxb4 20.Rxb4 Bd7 21.Ne4 Nc6 22.Rb1 Nd4 23.Nc3 Re8
24.Ned5 b5 25.Nb4 Rc8 26.Ncd5 Bf8 27.e3 Nc6 28.Nxc6 Bxc6 29.Qb3 Kg7 30.Ra1 Bc5
31.Rfc1 Qd6 32.Nc3 b4 33.Bxc6 Rxc6 34.Ne4 Qc7 35.Qa4 Rc8 36.Rc4 Be7 37.Rac1 Rxc4
38.Rxc4 Qd8 39.Rxc8 Qxc8 40.Qb5 Qc7 41.Kg2 f5 42.Nd2 Kf6 43.Nc4 Qc5 44.Qxc5 Bxc5
45.Nd2 Ke6 46.Kf3 Kd5 47.Ke2 Kc6 48.Kd1 f4 49.gxf4 exf4 50.d4 fxe3 51.fxe3 Bd6
52.h3 h5 53.Kc2 g5 54.Kd3 g4 55.hxg4 hxg4 56.Kc4 Kd7 57.e4 Ke6 58.Nf1 g3  1/2-1/2

[Event "Moscow ol (Men)"]
[Site "Moscow"]
[Date "1994.??.??"]
[Round "4"]
[White "Solomon, Daniela"]
[Black "Smejkal, Jan"]
[Result "0-1"]
[WhiteElo "2285"]
[BlackElo "2510"]

1.c4 e5 2.g3 Nf6 3.Bg2 d5 4.cxd5 Nxd5 5.Nf3 Nc6 6.d3 Be7 7.O-O O-O 8.Nc3 Be6
9.Bd2 Qd7 10.a3 f6 11.Rc1 Rad8 12.Re1 Rf7 13.Ne4 Nb6 14.b4 a6 15.Qc2 Bd5
16.Nc5 Bxc5 17.bxc5 Bxf3 18.Bxf3 Nd4 19.Qb2 Nxf3+ 20.exf3 Na4 21.Qxb7 Qxd3
22.Ba5 Qb5 23.Qxb5 axb5 24.c6 Ra8 25.Bb4 Nb2 26.Re3 Nc4 27.Rd3 g6 28.Rd5 Ra6
29.Rxb5 Rxc6 30.a4 Rd7 31.Bc5 Nb6 32.a5 Na4 33.Rb8+ Kf7 34.Rf8+ Kg7 35.a6 Rxc5
36.Rxc5 Kxf8 37.a7 Nb6 38.Rc6  0-1

[Event "Moscow ol (Women)"]
[Site "Moscow"]
[Date "1994.??.??"]
[Round "4"]
[White "Foisor, Cristina Adela B"]
[Black "Batceceg, Cagaan"]
[Result "1/2-1/2"]
[WhiteElo "2405"]
[BlackElo "2205"]

1.c4 e5 2.g3 g6 3.d4 Nc6 4.d5 Nce7 5.Nc3 d6 6.Bg2 Bg7 7.Nf3 f5 8.O-O h6 9.e4 Nf6
10.Nh4 O-O 11.exf5 g5 12.Ng6 Nxg6 13.fxg6 Bf5 14.Be3 Qd7 15.Qb3 b6 16.Qd1 Bxg6
17.b4 a5 18.a3 axb4 19.axb4 Rxa1 20.Qxa1 Bd3 21.Rc1 Qf7 22.Qa2 e4 23.Na4 g4
24.Qd2 Qh5 25.h3 Qe5 26.Nb2 Ra8 27.Nxd3 exd3 28.c5 bxc5 29.bxc5  1/2-1/2

[Event "Moscow ol (Men)"]
[Site "Moscow"]
[Date "1994.??.??"]
[Round "6"]
[White "Solomon, Daniela"]
[Black "Abdulwahab, A."]
[Result "0-1"]
[WhiteElo "2285"]
[BlackElo "2375"]

1.c4 e5 2.g3 f5 3.Bg2 Nf6 4.d3 Bc5 5.Nf3 d6 6.O-O c6 7.Nc3 O-O 8.a3 a5 9.Rb1 e4
10.dxe4 fxe4 11.Nd4 d5 12.b4 axb4 13.axb4 Be7 14.Qb3 Kh8 15.cxd5 cxd5 16.f3 Qb6
17.Be3 Nc6 18.Ncb5 Nxb4 19.Rfc1 Na6 20.Qc2 Bc5 21.fxe4 Ng4 22.Qd2 Bd7 23.Rxc5 Nxc5
24.Nc3 Qg6 25.exd5 Qh5 26.h4 Nxe3 27.Qxe3 Rae8 28.Qd2 Qg4 29.Ne6 Nxe6 30.dxe6 Qxg3
31.Rb5 Rf2  0-1

[Event "Moscow ol (Men)"]
[Site "Moscow"]
[Date "1994.??.??"]
[Round "8"]
[White "Markowski, Tomasz"]
[Black "Wang Zili"]
[Result "1/2-1/2"]
[WhiteElo "2475"]
[BlackElo "2505"]

1.c4 e5 2.g3 Nf6 3.Bg2 Nc6 4.Nc3 Bb4 5.Nd5 O-O 6.a3 Bc5 7.e3 Nxd5 8.cxd5 Ne7
9.Ne2 d6 10.O-O Nf5 11.b4 Bb6 12.Bb2 Bd7 13.Qc2 Rc8 14.Rfd1 Qg5 15.d4 Qh5
16.dxe5 dxe5 17.Nc3 Nd6 18.Na4 Bf5 19.Qc3 Rfe8 20.Nc5 Bg4 21.Re1 Bf3 22.Rac1 Bxg2
23.Kxg2 Qg6 24.e4 Bxc5 25.Qxc5 Nxe4 26.Qxa7 Qf5 27.Qe3 Nf6 28.Red1 Rcd8 29.Rc5 b6
30.Rcc1 Nxd5 31.Qf3 Qe6 32.Qe4 f5 33.Qe2 e4 34.Qh5 e3 35.Re1 Qd7 36.Qf3 exf2
37.Qxf2 Re4 38.Kg1 Qe7 39.Ba1 Re8 40.Rxe4 fxe4 41.Qd4 Qf7 42.Rf1 Nf6 43.Qe3 Qg6
44.Bxf6 gxf6 45.a4 Re5 46.Rc1 Qe8  1/2-1/2

[Event "Moscow ol (Men)"]
[Site "Moscow"]
[Date "1994.??.??"]
[Round "10"]
[White "Hsu Li Yang"]
[Black "Matamoros Franco, Carlos S"]
[Result "1-0"]
[WhiteElo "2460"]
[BlackElo "2415"]

1.c4 e5 2.g3 d6 3.Bg2 g6 4.Nc3 Bg7 5.e4 f5 6.exf5 gxf5 7.Qh5+ Kf8 8.d3 Nf6
9.Qd1 Nc6 10.Nge2 Be6 11.f4 h5 12.Qa4 h4 13.Bd2 Nd7 14.Be3 Nd4 15.fxe5 dxe5
16.Bxd4 exd4 17.Nf4 Bf7 18.Nce2 hxg3 19.hxg3 Rxh1+ 20.Bxh1 Qe7 21.O-O-O c6
22.Kb1 Kg8 23.Rf1 a6 24.Qd1 Re8 25.g4 fxg4 26.Ng3 Nf6 27.Ne4 Nxe4 28.Bxe4 Qg5
29.Qe2 b5 30.cxb5 cxb5 31.Qh2 Rxe4 32.dxe4 Be5 33.Qf2 g3 34.Nh3 Qg6 35.Qg2 Bd5
36.Re1 Kg7 37.Rc1 Bf7 38.Qd2 Qe6 39.b3 d3 40.Rh1 Qd6 41.Qe3 Bg6 42.Ng5 Qe7
43.Rg1 d2 44.Qxd2 Bf6 45.Rxg3 Qe5 46.Qd7+ Kh6 47.Rh3+ Kxg5 48.Qd2+ Kg4 49.Qg2+ Kf4
50.Qg3+ Kxe4 51.Qxg6+ Kd5 52.Rh5  1-0

[Event "Moscow ol (Men)"]
[Site "Moscow"]
[Date "1994.??.??"]
[Round "12"]
[White "Brestian, Egon"]
[Black "Komliakov, Viktor"]
[Result "0-1"]
[WhiteElo "2445"]
[BlackElo "2455"]

1.c4 e5 2.g3 Nf6 3.Bg2 c6 4.Nc3 d5 5.cxd5 cxd5 6.d4 exd4 7.Qxd4 Nc6 8.Qd1 d4
9.Nb1 Bb4+ 10.Nd2 O-O 11.Nf3 d3 12.O-O dxe2 13.Qxe2 Bf5 14.Qd1 Bd3 15.Re1 Qb6
16.Bf1 Rad8 17.Bxd3 Rxd3 18.Qe2 Qd8 19.a3 Re8 20.Qd1 Bxd2 21.Rxe8+ Nxe8 22.Nxd2 Nd4
23.Qf1 Nb3 24.Nxb3 Rd1 25.Be3 Rxf1+ 26.Rxf1 b6 27.Nd4 Qd7 28.Rc1 h5 29.h4 Nd6
30.b3 f6 31.a4 Kh7 32.Kg2 a6 33.Rc2 Nf7 34.Kg1 Ne5 35.Rc3 Qd5 36.Kf1 Ng4
37.Ke2 b5 38.axb5 axb5 39.Rd3 Qc5 40.Rd2 Nxe3 41.Kxe3 g5 42.hxg5 fxg5 43.Rd3 Kg6
44.Ke2 Qe5+ 45.Kd2 h4 46.gxh4 gxh4 47.Ne2 Qf5 48.Ke1 Kg5 49.Re3 h3 50.f4+ Kh4
51.Kf2 Qc5 52.Ng1 h2 53.Nf3+ Kh3 54.Nxh2+ Kxh2 55.Kf3 Qc6+ 56.Re4 Qd5 57.b4 Kh3
58.Ke3 Kg4 59.Rd4 Qf3+ 60.Kd2 Qb3  0-1

[Event "Moscow ol (Women)"]
[Site "Moscow"]
[Date "1994.??.??"]
[Round "12"]
[White "Foisor, Cristina Adela B"]
[Black "Voiska, Margarita"]
[Result "1-0"]
[WhiteElo "2405"]
[BlackElo "2350"]

1.c4 e5 2.g3 Nc6 3.Bg2 g6 4.Nc3 Bg7 5.d3 Nf6 6.Nf3 O-O 7.O-O d6 8.Rb1 a5
9.a3 Nh5 10.b4 axb4 11.axb4 f5 12.Nd5 h6 13.Bb2 Nf6 14.Qb3 Kh7 15.b5 Ne7
16.Ra1 Rxa1 17.Nxf6+ Bxf6 18.Rxa1 Bg7 19.Ra8 Ng8 20.Nd2 Qe7 21.b6 c6 22.Ra7 Qd7
23.Bc3 Ne7 24.Qb2 Rf7 25.e3 Qd8 26.Ra8 Qd7 27.Nb3 f4 28.exf4 exf4 29.Bxg7 Rxg7
30.Nd2 fxg3 31.hxg3 d5 32.cxd5 cxd5 33.Nf3 Qf5 34.Ne5 Qf6 35.d4 Rg8 36.Ra5 Be6
37.Rc5 Rc8 38.Rc7 Rxc7 39.bxc7 Bc8 40.Qb5 Qe6 41.Qe8 Nf5 42.Qxe6 Bxe6 43.Bxd5 Bc8
44.Nc4 b5 45.Nb6  1-0

[Event "Moscow ol (Men)"]
[Site "Moscow"]
[Date "1994.??.??"]
[Round "13"]
[White "Silva, Fernando"]
[Black "Shaw, John"]
[Result "1-0"]
[WhiteElo "2385"]
[BlackElo "2310"]

1.g3 e5 2.c4 Nc6 3.Bg2 g6 4.Nc3 Bg7 5.Rb1 d6 6.b4 f5 7.b5 Nce7 8.e3 Nf6 9.Nge2 O-O
10.O-O Be6 11.d3 d5 12.f4 exf4 13.Nxf4 Bf7 14.Ba3 dxc4 15.dxc4 Re8 16.Bxb7 Bxc4
17.Bxa8 Qxa8 18.Qf3 Bxf1 19.Qxa8 Rxa8 20.Rxf1 Re8 21.Rd1 Ng4 22.Bxe7 Bxc3
23.Bc5 Be5 24.Nd5 Ra8 25.Ne7+ Kf7 26.Nc6 a6 27.h3 axb5 28.hxg4 Bxg3 29.gxf5 Rxa2
30.Nb4 Ra4 31.Rd7+ Kf6 32.fxg6 hxg6 33.Kg2 Be5 34.Kf3 Ke6 35.Re7+ Kf5 36.e4+ Kf6
37.Nd5+ Kg5  1-0

[Event "Moscow ol (Women)"]
[Site "Moscow"]
[Date "1994.??.??"]
[Round "14"]
[White "Foisor, Cristina Adela B"]
[Black "Klinova, Masha"]
[Result "1-0"]
[WhiteElo "2405"]
[BlackElo "2115"]

1.c4 e5 2.g3 Nc6 3.Bg2 g6 4.Nc3 Bg7 5.e3 d6 6.Nge2 f5 7.d4 e4 8.f3 exf3 9.Bxf3 Nf6
10.O-O O-O 11.Nf4 Ne7 12.d5 Ng4 13.Nce2 g5 14.Ne6 Bxe6 15.dxe6 Ne5 16.Bxb7 Rb8
17.Bg2 Nxc4 18.Nd4 c5 19.Nxf5 Rxf5 20.Rxf5 Nxe3 21.Bxe3 Nxf5 22.Bf2 Qf6 23.Qd5 Qe5
24.e7+ Qxd5 25.Bxd5+ Kh8 26.Re1 Be5 27.Bxc5 Nxe7 28.Rxe5 dxe5 29.Bxe7 Kg7
30.g4 Rc8 31.Bxg5  1-0

[Event "New York MCC"]
[Site "New York"]
[Date "1994.??.??"]
[Round "3"]
[White "Klovsky, Rafail"]
[Black "Leveille, Francois"]
[Result "1/2-1/2"]
[WhiteElo "2375"]
[BlackElo "2370"]

1.c4 e5 2.g3 Nc6 3.Bg2 g6 4.Nc3 Bg7 5.e3 d6 6.Nge2 h5 7.h3 Bf5 8.d4 Qc8 9.d5 Nce7
10.c5 Nf6 11.e4 Bd7 12.Be3 O-O 13.Rc1 Qd8 14.O-O Nh7 15.Qb3 b6 16.cxd6 cxd6
17.Qb4 Be8 18.f4 Bh6 19.Nd1 f6 20.a4 Rf7 21.Kh2 Bf8 22.Ndc3 Nc8 23.Bf3 Rb7
24.Qb3 Kg7 25.Rg1 Be7 26.Rgf1 Rab8 27.Ra1 Nf8 28.Nc1 Nd7 29.Qd1 a5 30.f5 Nc5
31.fxg6 Bxg6 32.Bxh5 Qh8 33.Bxg6 Kxg6 34.Qg4+ Kf7 35.Bxc5 bxc5 36.Nb5 Na7
37.Qe6+ Kf8 38.Nxd6 Rxb2+ 39.Kh1 Qg7 40.Nd3 R2b6 41.Nf5 Rxe6 42.Nxg7 Kxg7
43.dxe6 Nc6 44.Rac1 Nd4 45.Nxe5 Re8 46.Nc4 Ne2 47.Kg2 Nxc1 48.Rxc1 Bf8 49.Kf3 Rxe6
50.Rb1 Re7 51.Rb5 Rd7 52.Rxa5 Rd3+ 53.Ne3 Kg6 54.Ke2 Rd4 55.e5 Re4 56.Kf3 Rxe5
57.g4 Re8 58.h4 Rd8 59.Ra6 Rd4 60.Nf5 Rb4 61.a5 Rb3+ 62.Ne3 Ra3 63.Ke2 Ra2+
64.Kd1 Ra3 65.Nc4 Ra4 66.Ne5+ Kg7 67.Ra7+ Kh6 68.Nf7+ Kg6 69.h5+ Kg7 70.a6 Kg8
71.Kc2 c4 72.h6 Kh7 73.Ra8 Bxh6 74.a7 Be3 75.Rh8+ Kg7 76.a8=Q Rxa8 77.Rxa8 Kxf7
78.Kc3 Kg6 79.Ra5 Bb6 80.Rf5 Bc7 81.Kxc4 Be5 82.Kd5 Bc3 83.Ke6 Bb2 84.Kd5 Bc3
85.Ke4 Bd2 86.Rc5 Bg5 87.Rc8 Bh6 88.Ra8 Bg5 89.Rg8+ Kf7 90.Ra8 Kg6 91.Kd5 Bh4
92.Ke4 Bg5  1/2-1/2

[Event "BCF-ch"]
[Site "Norwich"]
[Date "1994.??.??"]
[Round "6"]
[White "Greer, Kieran"]
[Black "Mortazavi, Ali"]
[Result "0-1"]
[WhiteElo "2225"]
[BlackElo "2350"]

1.c4 e5 2.g3 Nc6 3.Bg2 g6 4.Nc3 Bg7 5.e4 Nge7 6.Nge2 O-O 7.O-O d6 8.d3 h6
9.h3 Be6 10.Rb1 a5 11.Nd5 Kh7 12.Kh2 Rb8 13.Bd2 b6 14.Bc3 f5 15.d4 f4 16.Nxe7 fxg3+
17.fxg3 Nxe7 18.d5 Bd7 19.Qd3 Ng8 20.Rxf8 Qxf8 21.Rf1 Qe7 22.b3 Nf6 23.Bd2 Ra8
24.a4 Rf8 25.Be3 Rf7 26.Nc3 Rf8 27.Nb5 Be8 28.Qe2 Qd8 29.Qd3 Qe7 30.Bg1 h5
31.Nc3 Bh6 32.Nb5 Kg7 33.Nc3 Bd7 34.Nb5 Be8 35.Nc3 Bd7 36.Nb5 Bxb5 37.cxb5 h4
38.g4 Nh7 39.Be3 Bxe3 40.Qxe3 Rxf1 41.Bxf1 Qf6 42.Kg2 Ng5 43.Bd3 Qf4 44.Qxf4 exf4
45.e5 dxe5 46.b4 Nf7 47.bxa5 bxa5 48.g5 Nd6 49.Kf3 Nb7 50.Kg4 Nc5 51.Bc2 Kf7
52.Kf3 Ke7 53.Bxg6 Nxa4 54.Bd3 Nb6 55.Kg4 Nxd5 56.Kxh4 a4 57.Kh5 a3 58.Bc4 f3
59.g6 Nf6+  0-1

[Event "BCF-ch"]
[Site "Norwich"]
[Date "1994.??.??"]
[Round "10"]
[White "Webster, Andrew"]
[Black "Ferguson, Mark"]
[Result "1-0"]
[WhiteElo "2395"]
[BlackElo "2290"]

1.c4 e5 2.g3 Nc6 3.Bg2 g6 4.Nc3 Bg7 5.Rb1 Nf6 6.b4 O-O 7.Nf3 Re8 8.O-O d6
9.d3 h6 10.b5 Nd4 11.Nd2 Nh5 12.a4 Rb8 13.a5 Kh7 14.Ba3 b6 15.Nd5 Bg4 16.Re1 Qd7
17.Bb2 Rbc8 18.Bxd4 exd4 19.axb6 axb6 20.Ra1 Bh3 21.Ra7 Bxg2 22.Kxg2 Qd8
23.Nb3 f5 24.Qd2 Be5 25.Nxb6 f4 26.Nxc8 fxg3 27.hxg3 Bxg3 28.Qa5 Nf4+ 29.Kf1 Ne6
30.Nxd4 Qh4 31.fxg3 Qxd4 32.Rxc7+ Nxc7 33.Qxc7+ Kg8 34.Ne7+ Kh8 35.Nxg6+ Kg8
36.Qc6  1-0

[Event "Oberwart op"]
[Site "Oberwart"]
[Date "1994.??.??"]
[Round "4"]
[White "Serper, Grigory"]
[Black "Maljutin, Evgeni"]
[Result "1/2-1/2"]
[WhiteElo "2575"]
[BlackElo "2495"]

1.c4 e5 2.g3 c6 3.d4 Bb4+ 4.Bd2 Bxd2+ 5.Qxd2 d6 6.Nc3 Nh6 7.O-O-O Qe7 8.dxe5 dxe5
9.Ne4 O-O 10.Qd6 Qe6 11.b3 Na6 12.Bh3 Qxd6 13.Nxd6 Bxh3 14.Nxh3 Rab8 15.f3 f6
16.Nf2 Rfd8 17.Nfe4 Nf7 18.Nf5 Kf8 19.Rxd8+ Rxd8 20.Rd1 Rxd1+ 21.Kxd1 b6
22.a3 Nb8 23.b4 g6 24.Nfd6 Nxd6 25.Nxd6 a6 26.Kc2 Nd7 27.Kc3 Ke7 28.Nb7 Nf8
29.c5 b5 30.Na5 Kd7 31.e3 Ne6 32.f4 exf4 33.exf4 h5 34.Kd3 Ng7 35.Ke4 Nf5
36.Nb7 Kc7 37.Na5 Kd7 38.Nb3 Ke6 39.Nd2 Ke7 40.Nf1 Ke6 41.h3 Ne7 42.Ne3 Nf5  1/2-1/2

[Event "Orange op"]
[Site "Orange"]
[Date "1994.??.??"]
[Round "8"]
[White "Jean, Olivier"]
[Black "Schultz, Raphael"]
[Result "1-0"]
[WhiteElo "2190"]
[BlackElo "2140"]

1.g3 e5 2.c4 Nc6 3.Nc3 g6 4.Bg2 Bg7 5.d3 Nf6 6.Rb1 O-O 7.b4 Re8 8.e3 h5 9.b5 Ne7
10.e4 c6 11.Nf3 d5 12.O-O d4 13.Ne2 Nh7 14.Ne1 c5 15.f4 f6 16.Kh1 a6 17.a4 axb5
18.axb5 Ra2 19.Bd2 Qb6 20.Nc1 Bg4 21.Nf3 Ra3 22.Nb3 Rea8 23.Qc1 Nc8 24.h3 Bd7
25.fxe5 fxe5 26.Qe1 R3a4 27.Qf2 Nd6 28.Nh4 Be8 29.g4 hxg4 30.hxg4 Nf7 31.Qg3 Nhg5
32.Rf2 Qd6 33.Rbf1 b6 34.Bf3 Kf8 35.Bd1 Ke7 36.Nxc5 bxc5 37.Bxa4 Rxa4 38.Rb1 Ra3
39.Re2 Bd7 40.Ng2 Bc8 41.Bc1 Ra8 42.Nh4 Bb7 43.Kg1 Kd7 44.Nf3 Ne6 45.Rh2 Nf4
46.Bxf4 exf4 47.Qg2 Rh8 48.Rxh8 Bxh8 49.Qh3 Qe6 50.Ra1 Bf6 51.Kf2 Ng5 52.Nxg5 Bxg5
53.Qh7+ Be7 54.Kf3 Qf6 55.Rh1 Qe6 56.g5 Qf5 57.Rh6 Qxg5 58.Qxg6 Qxg6 59.Rxg6 Bd6
60.Rg7+ Kc8 61.Kg4 Kb8 62.Kf3 Bc8 63.Rh7 Bc7 64.Rh5 Bd6 65.e5 Bc7 66.Kxf4 Kb7
67.Ke4 Bg4 68.Rh6 Be2 69.e6  1-0

[Event "Oslo op"]
[Site "Oslo"]
[Date "1994.??.??"]
[Round "9"]
[White "Serper, Grigory"]
[Black "Elsness, Frode"]
[Result "1-0"]
[WhiteElo "2560"]
[BlackElo "2280"]

1.c4 e5 2.g3 Nc6 3.Bg2 g6 4.e3 d6 5.Nc3 Bg7 6.Nge2 h5 7.d4 h4 8.d5 Nce7 9.e4 Bg4
10.Qd3 Qc8 11.Bd2 c5 12.b4 b6 13.a4 Qd8 14.bxc5 bxc5 15.a5 a6 16.Na4 Nf6
17.Rb1 Bh6 18.Bc3 O-O 19.f3 Bd7 20.Nb6 Rb8 21.f4 Ne8 22.fxe5 Bg7 23.exd6 Nxd6
24.O-O Bg4 25.Bxg7 Kxg7 26.Nc3 Qc7 27.e5 Ndc8 28.d6 Qd8 29.Nxc8 Rxb1 30.Nxe7 Rxf1+
31.Qxf1 f6 32.Qd3 Bf5 33.Nxf5+ gxf5 34.e6 Qxa5 35.e7 Qa1+ 36.Qd1 Qxc3 37.exf8=Q+ Kxf8
38.d7  1-0

[Event "POR-ch"]
[Site "?"]
[Date "1994.??.??"]
[Round "8"]
[White "Silva, Fernando"]
[Black "Santos, Carlos P"]
[Result "0-1"]
[WhiteElo "2385"]
[BlackElo "2310"]

1.g3 e5 2.c4 c6 3.Nf3 e4 4.Nd4 d5 5.cxd5 Qxd5 6.e3 Nf6 7.Nc3 Qe5 8.Bg2 Bg4
9.Qc2 Bc5 10.Nxe4 Nxe4 11.Qxe4 Qxe4 12.Bxe4 Bxd4 13.h3 Be6 14.exd4 Na6 15.b3 O-O-O
16.Bb2 Rhe8 17.O-O Bxh3 18.Rfe1 Be6 19.Bg2 Nc7 20.Re3 Bd5 21.Bh3+ Be6 22.Bg2 g6
23.Rae1 Kd7 24.d5 Bxd5 25.Bf6 Rxe3 26.dxe3 Re8 27.e4 Kc8 28.Rd1 Be6 29.f4 Na6
30.Bf3 h5 31.Rd4 Nc5 32.Rd2 Bg4 33.Bxg4+ hxg4 34.e5 Ne4 35.Rh2 Nxf6 36.exf6 Re6
37.Rh4 Rxf6 38.Rxg4 Rd6 39.Rh4 Kd7 40.Rh8 Rd1+ 41.Kf2 Rd2+ 42.Kf3 Rxa2 43.Rb8 b6
44.Ke4 Ke6 45.Rc8 Rc2 46.Kd3 Rg2 47.Rxc6+ Kd7 48.Rf6 Rxg3+ 49.Kc4 Ke7 50.Rc6 b5+
51.Kd5 Rxb3 52.Ra6 Rd3+  0-1

[Event "Reno op"]
[Site "Reno"]
[Date "1994.??.??"]
[Round "?"]
[White "Van Buskirk, Charles"]
[Black "Burtman, Sharon"]
[Result "1-0"]
[WhiteElo "2285"]
[BlackElo "2035"]

1.c4 e5 2.g3 d6 3.Bg2 f5 4.d4 e4 5.f3 exf3 6.Nxf3 Nf6 7.Nc3 g6 8.O-O Bg7
9.e4 fxe4 10.Ng5 O-O 11.Ncxe4 Nxe4 12.Rxf8+ Qxf8 13.Bxe4 Nc6 14.Bd5+ Kh8
15.Nf7+ Kg8 16.Nxd6+ Kh8 17.Nf7+ Kg8 18.Ne5+ Kh8 19.Bf4 Nxe5 20.Bxe5 Bxe5
21.dxe5 c6 22.Bg2 Qc5+ 23.Kh1 Be6 24.Qd6 Qxd6 25.exd6 Bxc4 26.Bh3 Rd8 27.d7 Kg7
28.Re1 Kf8 29.b3 Bd5+ 30.Kg1 b6 31.Re5 Bf3 32.Kf2 Bh1 33.b4 Bd5 34.a3 Bf7
35.Ke3 Kg7 36.Kd4 Kf6 37.Re2 h6 38.Rc2 Be8 39.Rxc6+ Ke7 40.Ke5 Bxd7 41.Rc7  1-0

[Event "ROM-chT"]
[Site "ROM"]
[Date "1994.??.??"]
[Round "?"]
[White "Foisor, Cristina Adela B"]
[Black "Sheremetieva, Marina"]
[Result "0-1"]
[WhiteElo "2400"]
[BlackElo "2260"]

1.c4 e5 2.g3 Nc6 3.Bg2 d6 4.Nc3 Be6 5.d3 Qd7 6.Rb1 Nge7 7.Nd5 Nd8 8.b4 c6
9.Nxe7 Bxe7 10.Bb2 O-O 11.Qc2 f5 12.Nf3 f4 13.gxf4 Rxf4 14.Bc1 Rg4 15.Bf1 Rg6
16.h4 Bg4 17.Ng5 h6 18.Ne4 Ne6 19.h5 Nd4 20.Qb2 Re6 21.f3 Bf5 22.Ng3 Rf6
23.Be3 d5 24.c5 Bxd3 25.Bxd4 Bxb1 26.Bxe5 Bf5 27.Nxf5 Qxf5 28.Bh3 Qg5 29.Kf1 Raf8
30.Qc3 Kh8 31.Bxf6 Bxf6 32.Qa3 Qxh5 33.Qxa7 Bd4 34.Bg2 Qg6  0-1

[Event "ROM-chT"]
[Site "ROM"]
[Date "1994.??.??"]
[Round "?"]
[White "Foisor, Ovidiu"]
[Black "Breahna, Radu"]
[Result "1/2-1/2"]
[WhiteElo "2435"]
[BlackElo "2335"]

1.c4 e5 2.g3 Nf6 3.Bg2 c6 4.d4 exd4 5.Qxd4 d5 6.Nf3 Be7 7.cxd5 cxd5 8.Be3 Nc6
9.Qa4 O-O 10.Nc3 Ng4 11.Bd4 Be6 12.O-O a6  1/2-1/2

[Event "ROM-chT"]
[Site "ROM"]
[Date "1994.??.??"]
[Round "?"]
[White "Foisor, Ovidiu"]
[Black "Manole, Vasile"]
[Result "1/2-1/2"]
[WhiteElo "2435"]
[BlackElo "2280"]

1.c4 e5 2.g3 Nc6 3.Bg2 g6 4.Nc3 Bg7 5.Rb1 a5 6.d3 Nf6 7.Nf3 O-O 8.O-O d6
9.a3 h6 10.b4 axb4 11.axb4 Be6 12.Nd2 Rb8 13.Nd5 Ne7 14.Nxf6+ Bxf6 15.b5 Bg7
16.Bb2 Qd7 17.Re1 Rfe8 18.Qc2 Nf5 19.e3 h5 20.Ne4 Qd8 21.h4 f6 22.d4 b6 23.dxe5 dxe5
24.Ba3 Qd7 25.c5 Qf7 26.cxb6 cxb6 27.Nd6  1/2-1/2

[Event "ROM-chT"]
[Site "ROM"]
[Date "1994.??.??"]
[Round "?"]
[White "Foisor, Cristina Adela B"]
[Black "Litinskaya, Marta I"]
[Result "1/2-1/2"]
[WhiteElo "2400"]
[BlackElo "2290"]

1.c4 e5 2.g3 Nc6 3.Bg2 d6 4.Nc3 Be6 5.d3 Qd7 6.Qa4 Nd4 7.Qxd7+ Bxd7 8.Rb1 c6
9.e3 Ne6 10.Nge2 Nc5 11.Kd2 Bf5 12.e4 Bd7 13.b4 Ne6 14.b5 h5 15.h4 g6 16.bxc6 bxc6
17.Ba3 Nf6 18.Rb3 Bh6+ 19.Kc2 Ke7 20.Rhb1 Ng4 21.Rf1 Rhb8 22.Bh3 Rxb3 23.axb3 Nd4+
24.Nxd4 exd4 25.Bxg4 hxg4 26.Ne2 c5 27.e5 dxe5 28.Bxc5+ Kf6 29.Ra1 a6 30.b4 Bc6
31.Nc1 Bxc1 32.Kxc1 Ke6 33.Kd2 Bb7 34.Bb6 Kd7 35.Re1 Re8 36.Bc5 Bf3 37.Ra1 Ra8
38.Ra5 Bb7 39.Kc2 Bf3 40.Ra1 Bb7 41.Kb3 Bc6 42.Bb6 Kd6 43.Ra5 Bb7 44.Rc5 Rc8
45.Ka4 Rxc5 46.Bxc5+ Kc6 47.Ka5 Bc8 48.Bf8 Kb7 49.Bg7 Bf5 50.b5 axb5 51.cxb5 Bxd3
52.Bxe5 Bf1 53.Bxd4 Be2 54.Kb4 Bf3 55.Kc5 Kc7 56.Be3 Kd7 57.Bf4 Be2 58.Kb6 Bd3
59.Ka5 Be2 60.Be3 Bf3 61.Kb4 Bg2 62.Kc5 Bf3 63.Bd4 Bg2 64.Bf6 Bf3 65.Kd4 Ke6
66.Bg5 Be2 67.b6 Bf3 68.Ke3 Kf5 69.Bd8 Bb7 70.Bc7 Bf3 71.Kd4 Ke6 72.Bf4 Kf5
73.Be3 Ke6 74.Kc5 Kd7 75.Bd4 Bb7 76.f4 gxf3  1/2-1/2

[Event "Schwaebisch Gmuend op"]
[Site "Schwaebisch Gmuend"]
[Date "1994.??.??"]
[Round "4"]
[White "Mueller, Ralf"]
[Black "Adamski, Jan"]
[Result "1/2-1/2"]
[WhiteElo "2255"]
[BlackElo "2415"]

1.g3 e5 2.c4 Nf6 3.Bg2 c6 4.Nf3 e4 5.Nd4 d5 6.cxd5 Qxd5 7.Nc2 Qh5 8.h3 Na6
9.Nc3 Qg6 10.d3 exd3 11.Qxd3 Qxd3 12.exd3 Nb4 13.Nxb4 Bxb4 14.Bg5 Be7 15.O-O Be6
16.Be3 O-O 17.Ne4 Rfd8 18.Rfd1 Nxe4 19.dxe4 Bf6 20.f4 Bxb2 21.Rxd8+ Rxd8
22.Rb1 Bd4 23.Bxd4 Rxd4 24.Rxb7 g6 25.Rxa7 Rd1+ 26.Kh2 Rd2 27.Ra3 Bxa2 28.Rc3 Bb1
29.Kg1 Rd1+ 30.Kf2  1/2-1/2

[Event "Wch U26"]
[Site "Sofia"]
[Date "1994.??.??"]
[Round "6"]
[White "Tabatadze, Tamaz"]
[Black "Hatanbaatar, Bazar"]
[Result "1-0"]
[WhiteElo "2390"]
[BlackElo "2340"]

1.c4 e5 2.g3 Nc6 3.Bg2 Nf6 4.Nc3 Bc5 5.e3 O-O 6.Nge2 Re8 7.O-O d6 8.d4 Bb6
9.h3 a6 10.a3 h6 11.b4 exd4 12.exd4 Ne7 13.c5 Ba7 14.Kh2 c6 15.Bf4 Bb8 16.g4 Be6
17.Bg3 Ned5 18.Qd2 Nxc3 19.Nxc3 dxc5 20.bxc5 Qd7 21.Rab1 Bc4 22.Rfd1 Bxg3+
23.Kxg3 Re6 24.Rb4 Bb5 25.a4 a5 26.Rxb5 cxb5 27.axb5 Rae8 28.b6 Qd8 29.Qf4 R6e7
30.Kh2 Rd7 31.d5 g5 32.Qf5 Qe7 33.Rd3 Qe5+ 34.Qxe5 Rxe5 35.Re3 Rxe3 36.fxe3 Re7
37.d6 Rxe3 38.Nd5 Nxd5 39.d7 Nf4 40.d8=Q+ Kh7 41.Qd7 Re2 42.Qxf7+ Kh8 43.Qxb7 a4
44.Qe4 a3 45.Qxe2  1-0

[Event "Wch U26"]
[Site "Sofia"]
[Date "1994.??.??"]
[Round "9"]
[White "Sichinava, Roman"]
[Black "Beikert, Guenther"]
[Result "1/2-1/2"]
[WhiteElo "2380"]
[BlackElo "2415"]

1.c4 e5 2.g3 c6 3.b3 d5 4.Bb2 Bd6 5.Bg2 Nf6 6.cxd5 cxd5 7.Nc3 Qa5 8.a3 Be6
9.b4 Qd8 10.Nb5 a6 11.Nxd6+ Qxd6 12.Nf3 Nbd7 13.d3 O-O 14.O-O Rfc8 15.Rc1 b5
16.Qd2 Ne8 17.Ng5 Bg4 18.h3 Bh5 19.g4 Bg6 20.Nf3 f6 21.Nh4 Nb6 22.Nxg6 hxg6
23.Rxc8 Rxc8 24.Rc1 Rxc1+ 25.Qxc1 Nc7 26.Qc2 Ne6 27.Bc1 Na4 28.Qb3 Nb6 29.Be3 d4
30.Bd2 Kh7 31.Be4 Ng5 32.Bxg5 fxg5 33.Qf7 Na4 34.Bd5 Qd8 35.Qe6 Nc3 36.Bf3 Qf6
37.Qc8 Qd6 38.Qa8 Qe6 39.Kg2 Qa2 40.Qxa6 Nxe2 41.Bxe2 Qxe2 42.Qxb5 e4 43.Qxg5 Qf3+
44.Kg1 exd3 45.Qh4+ Kg8 46.Qd8+ Kf7 47.Qd7+ Kf6 48.Qd8+  1/2-1/2

[Event "St Cugat op"]
[Site "St Cugat"]
[Date "1994.??.??"]
[Round "6"]
[White "Suba, Mihai"]
[Black "Papacek, Stepan"]
[Result "1-0"]
[WhiteElo "2530"]
[BlackElo "2320"]

1.c4 e5 2.g3 Nf6 3.Bg2 d5 4.cxd5 Nxd5 5.Nc3 Nb6 6.Nf3 Nc6 7.O-O Be7 8.a3 Be6
9.b4 a5 10.b5 Nd4 11.Rb1 f6 12.d3 O-O 13.Nd2 Rb8 14.e3 Nf5 15.Qc2 Kh8 16.Bb2 Qe8
17.Nb3 Qh5 18.Nxa5 Nh6 19.Qe2 Bg4 20.f3 Be6 21.Nc4 Nxc4 22.dxc4 Qf7 23.Rfc1 Bxc4
24.Qe1 Nf5 25.Ne4 Nd6 26.Nxd6 Bxd6 27.a4 Bd3 28.Ra1 f5 29.Qc3 e4 30.f4 c5
31.Rd1 Rbd8 32.Rd2 Qe7 33.Kf2 Ra8 34.Rxd3 exd3 35.Qxd3 Bc7 36.Bxb7 Rfd8 37.Bd5 c4
38.Qxf5 Re8 39.Bd4 Rad8 40.Rc1 Rf8 41.Qe6 Qb4 42.Ke2 Ba5 43.Kf3 Rfe8 44.Bxg7+  1-0

[Event "St Petersburg op"]
[Site "St Petersburg"]
[Date "1994.??.??"]
[Round "4"]
[White "Serper, Grigory"]
[Black "Lukin, Andrei M"]
[Result "1-0"]
[WhiteElo "2560"]
[BlackElo "2440"]

1.c4 e5 2.g3 Nc6 3.Bg2 f5 4.e3 Nf6 5.Ne2 g6 6.O-O Bg7 7.b3 O-O 8.Bb2 d6 9.Nbc3 Rb8
10.d3 Bd7 11.Qd2 a6 12.Rac1 g5 13.f4 gxf4 14.gxf4 Ne7 15.Ng3 exf4 16.exf4 c6
17.Nce2 Ng6 18.Bh3 Nh4 19.Nd4 Qc8 20.c5 dxc5 21.Rxc5 b6 22.Ndxf5 bxc5 23.Ne7+ Kh8
24.Nxc8 Bxh3 25.Ne7 Rbe8 26.Nxc6 Bxf1 27.Kxf1 Nf3 28.Qf2 Ng4 29.Bxg7+ Kxg7
30.Qxc5 Nd2+ 31.Kg1 Re1+ 32.Kg2 Ne3+ 33.Kf2  1-0

[Event "St Petersburg op2"]
[Site "St Petersburg"]
[Date "1994.??.??"]
[Round "6"]
[White "Donchenko, Anatoly G"]
[Black "Cherepkov, Alexander V"]
[Result "1/2-1/2"]
[WhiteElo "2435"]
[BlackElo "2410"]

1.c4 e5 2.g3 Nc6 3.Bg2 g6 4.Nc3 Bg7 5.Rb1 a5 6.a3 Nf6 7.b4 axb4 8.axb4 O-O
9.b5 Ne7 10.Nf3 d5 11.Nxe5 Bf5 12.Rb3 Ne4 13.f4 dxc4 14.Ra3 Bxe5 15.Nxe4 Bg7
16.Rxa8 Qxa8 17.Qc2 c3 18.O-O Nd5 19.Qb3 Qa7+ 20.Kh1 Be6 21.Qb1 cxd2 22.Bxd2 h6
23.Qd3  1/2-1/2

[Event "St Petersburg op"]
[Site "St Petersburg"]
[Date "1994.??.??"]
[Round "7"]
[White "Bukhman, Eduard"]
[Black "Frolov, Y."]
[Result "1-0"]
[WhiteElo "2380"]
[BlackElo "2320"]

1.c4 e5 2.g3 Nf6 3.Bg2 Nc6 4.Nc3 g6 5.Rb1 a5 6.a3 d6 7.b4 axb4 8.axb4 Bg7
9.b5 Ne7 10.Nf3 h6 11.d3 Be6 12.O-O O-O 13.Bb2 Qd7 14.Re1 Bh3 15.Bh1 Ra5
16.Nd2 Rb8 17.Ra1 Rxa1 18.Qxa1 Nc8 19.Qa5 c5 20.Nf1 Bf8 21.Ne3 Be6 22.Ra1 Be7
23.Ncd5 Nxd5 24.Nxd5 Bd8 25.Qd2 Bxd5 26.Bxd5 Kh7 27.Bg2 Nb6 28.Qe3 Qe7 29.Bc1 Qf8
30.h4 Nd7 31.Ra7 Bb6 32.Rxb7 Rxb7 33.Bxb7 Nf6 34.Bg2 Ba5 35.Qf3 Qd8 36.Qc6 Kg7
37.Bb2 Kh7 38.e3 h5 39.Bf3 Bb6 40.Bc3 Qb8 41.Bxe5 dxe5 42.Qxf6  1-0